00671nam a2200217u 450000100060000000300080000600500170001400800390003103500190007004000240008904100080011308200220012110000210014324500840016426000550024830000240030350400200032765000230034765100360037074000470040634868BD-RjUL20211209052226.0140519s1964 cau 001 0 eng a(BD-RjUL)34962 aDLCcCarPdDLCbeng aeng a301.952bPLA 19641 aPlath, David W. 14aThe After Hours /b Modeer japan and the search for Enjoyment /cDavid W. Plath aBerkeley :bUniversity of California Press,c1964. axi, 222 p. ;c21cm. aIncludes index. 0aRecreationzJapan. 0aJapanxSocial life and customs.0 aModern Japan and the search for enjoyment.